| 000 | 00833nam a2200253Ia 4500 | ||
|---|---|---|---|
| 003 | OSt | ||
| 005 | 20260121090608.0 | ||
| 008 | 210716s2005 xx 000 0 und d | ||
| 020 | _a0072819502 | ||
| 040 | _cAIMIT LIBRARY | ||
| 041 | _aeng | ||
| 082 |
_a657 _bANTR |
||
| 100 |
_aAnthony, Robert N. _9251969 |
||
| 245 |
_aAccounting: _btext and cases / _cBy Robert N Anthony, David F. Hawkins and Kenneth A. Merchant. |
||
| 250 | _a11th ed. | ||
| 260 |
_aNew Delhi : _bTata McGraw Hill Publishing Company Ltd , _c2005. |
||
| 300 |
_axxvi,975 p.; _bPB _c26.4 cm. |
||
| 650 |
_aFinancial accounting _9251970 |
||
| 650 |
_aAccounting records and systems _9251971 |
||
| 650 |
_aManagement accounting _9251972 |
||
| 700 |
_aHawkins, David F. _9251973 |
||
| 700 |
_aMerchant, Kenneth A. _9251974 |
||
| 942 |
_2ddc _cBK _e11th _k657 ANTR |
||
| 999 |
_c183046 _d183046 |
||